000 00412nam a2200157 i 4500
001 149648
003 ES-MaACL
005 20230906203207.0
007 t|
008 071023s1914 fr ||||1| spa d
100 1 _aVargas Vila, José María.
_9113218
245 1 4 _aLos parias /
_cJ. M. Vila Vargas.
260 _aParis :
_bLib. Americana,
_c1914.
300 _a280 p. ;
_c18 cm.
852 _aES-MaACL
_jF-4749
999 _c149648
_d149648